| 000 | 00000nam##2200000za#4500 |
| 001 | 9.690192 |
| 003 | CaOODSP |
| 005 | 20210624232229 |
| 007 | cr ||||||||||| |
| 008 | 150407|2007||||xxc|||||o f|0| 0 eng|d |
| 020 | |a978-0-662-46808-0 |
| 040 | |aCaOODSP|beng |
| 043 | |an-cn--- |
| 086 | 1 |aR64-350/2007E-PDF |
| 110 | 2 |aParks Canada. |
| 245 | 10|aProposed expansion of Nahanni National Park Reserve : |h[electronic resource]|bsocio-economic research |
| 260 | |aGatineau - Quebec : |bParks Canada |cOctober 2007. |
| 300 | |a2p.|btable |
| 500 | |aIncorrect catalogue number (R64-350/2007E) and ISBN (978-0-662-46807-3) printed in this electronic publication. |
| 590 | |a13-24-Supp|b2013-10-18 |
| 690 | 07|aHistoric sites|2gcpds |
| 775 | 08|tAgrandissement proposé de la Réserve de parc national Nahanni : |w(CaOODSP)9.634565 |
| 856 | 40|ahttp://publications.gc.ca|qPDF|s163 KB|uhttps://publications.gc.ca/collections/collection_2013/pc/R64-350-2007-eng.pdf |